000 00679nam a2200217Ia 4500
008 150520s9999 xx 000 0 und d
050 _aHF 5549.5.M63
050 _b.M378 2015
100 _aMartinez, James Keno D.
245 _aWork value and job engagement of the college faculty of southville international school and colleges /
245 _cJames Keno D. Martinez.
260 _aLas PiƱas, Philippines :
260 _bSISC,
260 _c2015.
300 _a62 pages :
300 _billustrations ;
300 _c28 cm.
500 _aIncludes bibliographical references and appendices.
650 _aEmployee Management
650 _aPersonnel Management
999 _c284046
_d284046